000 00395nam a22001337a 4500
008 210830b |||||||| |||| 00| 0 eng d
082 _aEnglish Cap no.81
100 _aTshering, Deki
245 _aMo Dao Zu Shi and Here U Are opposing the stereotypes of Boys Love
260 _aThimphu :
_bRoyal Thimphu College,
_c2021.
300 _a32 p.
_c30 cm.
650 _aStudents capstone
942 _2ddc
999 _c8863
_d8864